Library Banner

احکام عالم گیری (Record no. 81232)

MARC details
000 -LEADER
fixed length control field 00424nam a22001457a 4500
005 - DATE AND TIME OF LATEST TRANSACTION
control field 20160106150913.0
008 - FIXED-LENGTH DATA ELEMENTS--GENERAL INFORMATION
fixed length control field 160106b xxu||||| |||| 00| 0 eng d
040 ## - CATALOGING SOURCE
Transcribing agency PK-LaUMT
082 ## - DEWEY DECIMAL CLASSIFICATION NUMBER
Classification number MMC 923.1
Item number HAM-A
100 ## - MAIN ENTRY--PERSONAL NAME
Personal name حمید الدین خان
245 ## - TITLE STATEMENT
Title احکام عالم گیری
Statement of responsibility, etc حمید الدین خان
260 ## - PUBLICATION, DISTRIBUTION, ETC. (IMPRINT)
Place of publication, distribution, etc لاہور
Name of publisher, distributor, etc ادارہ ثقافت اسلامیہ
Date of publication, distribution, etc 1993
300 ## - PHYSICAL DESCRIPTION
Extent 185 ص
942 ## - ADDED ENTRY ELEMENTS (KOHA)
Koha item type Books
Holdings
Withdrawn status Lost status Damaged status Home library Current library Date acquired Full call number Barcode Date last seen Price effective from Koha item type
      UMT Main Campus UMT Main Campus 2016-01-06 MMC 923.1 HAM-A 95787 2016-01-06 2016-01-06 Books